000
003030000a22001330004500
001
006227
003
MACL
040
_a
MACL
090
_c
13399
_d
13398
245
_a
Usool Ilm tabeei
_b
Prasad Pandit Ajodhiya
260
_a
Urdu Akhbar Press Delhi,
_c
1844
650
_a
Urdu Literature
942
_k
891
_c
Book
999
_c
13326
_d
13326